=LDR 00000nam 2200000 4500 =001 INLIS000000000006307 =005 20220609095925 =035 ##$$a 0010-0622000168 =245 1#$$a Kulit, Karet dan Plastik /$c KEPALA BALAI BESAR KULIT, KARET DAN PLASTIK =110 #$$a BESAR, Kepala Balai =250 ##$$a Edisi Vol. 31 No.1 Tahun 2015 =300 ##$$a xii, 1-64 halaman : $b Tabel, Gambar ; $c 21x28 cm =856 ##$$a OPAC (Rak Majalah) =260 ##$$a Yogyakarta :$b Balai Besar Kulit, Karet, dan Plastik,$c 2015 =082 ##$$a 050.29 =084 ##$$a 050.29 BES k =500 ##$$a Pemanfaatan limbah kulit singkong termodifikasi alkanolamida sebagai bahan pengisi dalam produk lateks karet alam: Pengaruh waktu vulkanisasi =990 ##$$a 514/MJ-15